| 000 | 02013nim a2200421 i 4500 | ||
|---|---|---|---|
| 001 | 197224 | ||
| 003 | ES-MaACL | ||
| 005 | 20250829063134.0 | ||
| 007 | ss lsnjlcipnne | ||
| 008 | 250424s1990 sp nnnn |||| 00| spa d | ||
| 040 |
_bspa _cES-MaACL |
||
| 100 | 1 |
_aMartín Luengo, Josefa, _d1944-2009 _eaut _977547 |
|
| 245 | 0 | 0 |
_aDesde nuestra escuela "Paideia" de Josefa Martín Luengo _h[Grabación sonora] : _bpresentación de libro / _cparticipan; Josefa Martín Luengo, Isabel Escudero, Concepción Serrano, David Manuel Rivas Infante y José Luis Velasco |
| 260 |
_aMadrid : _bAteneo de Madrid, _c1990 |
||
| 300 |
_a2 casetes (ca. 180 min) : _bson. ; _c11 cm |
||
| 490 | 1 |
_aActos culturales en el Ateneo de Madrid _9240237 |
|
| 511 | _aParticipan: Josefa Martín Luengo, autora; Isabel Escudero, profesora; Concepción Serrano, maestra; David Manuel Rivas Infante, secretario primero del Ateneo; José Luis Velasco, de la Editorial Madre Tierra | ||
| 518 | _aGrabado el 16 de noviembre de 1990 en el salón de actos del Ateneo de Madrid | ||
| 520 | _aPresentación del libro de Josefa Martín Luengo titulado "Desde nuestra escuela Paideia" | ||
| 540 | _aDocumento inédito | ||
| 594 | _5Datos basados en la invitación | ||
| 610 | 2 | 4 |
_aColectivo "Paideia" _93588 |
| 610 | 2 | 4 |
_aAteneo de Madrid- _xActos culturales- _y1990- _vGrabaciones sonoras _9240083 |
| 650 | 4 |
_aPedagogía- _zEspaña _9169572 |
|
| 653 | _aArchivo de la palabra | ||
| 655 | 0 |
_aConferencias _9234444 |
|
| 700 | 1 |
_aEscudero, Isabel, _d1944-2017 _eora _947684 |
|
| 700 | 1 |
_aRivas Infante, David, _d1957-2024 _eora _997578 |
|
| 700 | 1 |
_aVelasco, José Luis _eora _9113728 |
|
| 710 | 2 |
_aAteneo de Madrid _ehis _91875 |
|
| 710 | 2 |
_aEditorial Madre Tierra _eclb _9240594 |
|
| 830 | 0 |
_aActos culturales en el Ateneo de Madrid _9240237 |
|
| 852 | 4 |
_aES-MaACL _cDEPOZ _pCinta 1 _9205344 |
|
| 852 | 4 |
_aES-MaACL _cDEPOZ _pCinta 2 _9205345 |
|
| 942 |
_2udc _n0 _cCINTASAUD |
||
| 999 |
_c197224 _d197224 |
||